000 00830nam a2200265Ia 4500
003 OSt
005 20221005083827.0
006 a|||||r|||| 00| 0
007 ta
008 221004b |||||||| |||| 00| 0 eng d
020 _a8186706747 (pbk)
_c200
024 _a95624
037 _bDU72, 17/03/2009, Independent Publishers Group
_cTextual
040 _aCRL
_cCRL
_beng
041 _2eng
_aeng
082 _aW691xN50, P4
100 _aMitra Joya
_9464878
245 0 _aKilling days
_b Prison memoirs
260 _aNew Delhi
_bWomen Unlimited India
_c2004
300 _axvi, 157p.
_ccm.
650 _aPOLITICAL SCIENCE
700 _a Banerjee Shampa Tr.
942 _hW691xN50, P4
_cTEXL
_2cc
999 _c991625
_d991625